000 00693nam a2200289Ia 4500
005 20260324141058.0
008 008 260324s9999 xx 000 0 eng d
020 _a9781315078861
037 _aEBOOK
040 _aCRL
040 _beng
040 _cCRL
041 _2eng
041 _aeng
084 _qCRL
100 _aHarold B. Segel; Harold B. Segel
_91206840
245 0 _aPolish Romantic Drama
245 0 _bThree Plays in English Translation
260 _bTaylor and Francis
260 _c1997
365 _a
365 _b230
856 _uhttp://www.taylorfrancis.com/books/9781315078861
942 _cEBOOK
999 _c1809548
_d1809548